[Event "Mislata op 53rd"]
[Site "Mislata"]
[Date "2019.08.21"]
[Round "4"]
[White "Ruiz Buendia, Miguel"]
[Black "Pena Riasco, Alexander"]
[Result "0-1"]
[WhiteElo "1848"]
[BlackElo "2164"]
[PlyCount "90"]
[EventDate "2019.08.19"]
[EventType "swiss"]
[EventRounds "9"]
[EventCountry "ESP"]
[SourceTitle "EXT 2020"]
[Source "ChessBase"]
[SourceDate "2019.10.17"]
[SourceVersion "1"]
[SourceVersionDate "2019.10.17"]
[SourceQuality "1"]

1. e4 d5 2. exd5 Qxd5 3. Nc3 Qa5 4. d4 Nf6 5. Bc4 c6 6. Nge2 Bf5 7. 0-0 e6 8. Ng3 Bd6 9. Nxf5 Qxf5 10. Bd3 Qa5 11. Ne4 Nxe4 12. Bxe4 Nd7 13. c4 Nf6 14. Bf3 Rd8 15. Qc2 Bb8 16. Rd1 0-0 17. g3 Rd7 18. b3 Rfd8 19. Bd2 Qa3 20. Bc3 Qe7 21. Rd3 a6 22. Bg2 Ba7 23. Rad1 h6 24. Qe2 Qf8 25. d5 cxd5 26. Bxf6 gxf6 27. Qg4+ Qg7 28. Qxg7+ Kxg7 29. cxd5 e5 30. Bh3 Rd6 31. Bf5 Bd4 32. Be4 f5 33. Bxf5 Rxd5 34. Kg2 Rc5 35. Kf3 b5 36. Ke4 a5 37. R1d2 Rd6 38. f4 f6 39. Bg4 b4 40. f5 Kf8 41. Be2 Ke7 42. Rf3 Rc1 43. Bc4 a4 44. Rfd3 Re1+ 45. Kf3 e4+ 0-1

[Event "Benimodo Igualtat"]
[Site "Benimodo"]
[Date "2018.08.18"]
[Round "7.7"]
[White "Perez Mas, Jose Manuel"]
[Black "Pena Riasco, Alexander"]
[Result "0-1"]
[WhiteElo "1727"]
[BlackElo "2137"]
[PlyCount "76"]
[EventDate "2018.08.14"]
[EventType "swiss"]
[EventRounds "7"]
[EventCountry "ESP"]
[SourceTitle "EXT 2024"]
[Source "ChessBase"]
[SourceDate "2023.10.10"]
[SourceVersion "1"]
[SourceVersionDate "2023.10.10"]
[SourceQuality "1"]

1. e4 d5 2. exd5 Qxd5 3. Nc3 Qa5 4. d4 Nf6 5. Nf3 c6 6. Bc4 Bf5 7. Ne5 e6 8. g4 Be4 9. Rg1 Bd5 10. Bf4 Ne4 11. Qd3 Bb4 12. Bd2 Nxd2 13. Qxd2 Nd7 14. Bxd5 Nxe5 15. dxe5 cxd5 16. Rg3 Rc8 17. Kf1 0-0 18. Qd3 Bxc3 19. bxc3 Rc7 20. Rb1 Qxa2 21. Rb3 f6 22. exf6 Rxf6 23. g5 Rf5 24. g6 hxg6 25. Kg2 Rcf7 26. f3 Qa4 27. Rb4 Qe8 28. Rbg4 R7f6 29. h4 b5 30. Qe3 a6 31. Qb6 e5 32. Qb7 Qe6 33. Qb8+ Kh7 34. Qa7 Rxf3 35. h5 Rxg3+ 36. Rxg3 Qf5 37. hxg6+ Rxg6 38. Qe3 Rxg3+ 0-1

[Event "Benimodo Igualtat"]
[Site "Benimodo"]
[Date "2018.08.16"]
[Round "4.2"]
[White "Chernikov, Vladimir"]
[Black "Pena Riasco, Alexander"]
[Result "1-0"]
[WhiteElo "2150"]
[BlackElo "2137"]
[PlyCount "117"]
[EventDate "2018.08.14"]
[EventType "swiss"]
[EventRounds "7"]
[EventCountry "ESP"]
[SourceTitle "EXT 2024"]
[Source "ChessBase"]
[SourceDate "2023.10.10"]
[SourceVersion "1"]
[SourceVersionDate "2023.10.10"]
[SourceQuality "1"]

1. b3 d5 2. Bb2 Nf6 3. e3 Bf5 4. Nf3 e6 5. h3 h6 6. d3 Be7 7. Nbd2 0-0 8. g4 Bg6 9. g5 hxg5 10. Nxg5 Nh7 11. h4 Bf6 12. Bxf6 Qxf6 13. Rg1 c5 14. Rb1 Nc6 15. a3 Rad8 16. Qg4 Rfe8 17. h5 Bf5 18. Nxh7 Kxh7 19. Qg3 Qc3 20. d4 Rg8 21. e4 Qxg3 22. Rxg3 dxe4 23. dxc5 Nd4 24. Rb2 Rd5 25. c3 Nc6 26. b4 Ne5 27. Bc4 Rd7 28. Bb5 Rd5 29. Bc4 Rd7 30. Bb5 Rdd8 31. Re3 Ng4 32. Nxe4 f6 33. Rg3 Bxe4 34. Rxg4 f5 35. Rg6 e5 36. Rd2 Bf3 37. Rxd8 Rxd8 38. Rd6 Rb8 39. Bd7 Bxh5 40. Bxf5+ Kg8 41. Be4 Kf7 42. Rd7+ Ke6 43. Rxg7 Rd8 44. f3 Bf7 45. Bxb7 Rd3 46. c6 Rxc3 47. Kd2 Rc4 48. b5 Kf6 49. Rg1 Bd5 50. Rg4 Rc5 51. Ra4 Rxb5 52. Rxa7 Bxf3 53. c7 Bxb7 54. Rxb7 Rc5 55. a4 Ke6 56. a5 Kd7 57. a6 Kc8 58. Rb8+ Kxc7 59. a7 1-0

[Event "Oslo Stjernens op"]
[Site "Oslo"]
[Date "2016.06.05"]
[Round "5"]
[White "Pena Riasco, Alexander"]
[Black "Grebstad, Kjell Borre"]
[Result "1-0"]
[WhiteElo "2120"]
[BlackElo "2039"]
[PlyCount "89"]
[EventDate "2016.06.05"]
[EventType "swiss"]
[EventRounds "6"]
[EventCountry "NOR"]
[SourceTitle "CBM 173 Extra"]
[Source "ChessBase"]
[SourceDate "2016.08.29"]
[SourceVersion "1"]
[SourceVersionDate "2016.08.29"]
[SourceQuality "1"]

1. d4 Nf6 2. Nf3 e6 3. Bf4 b6 4. e3 Bb7 5. Bd3 Be7 6. h3 0-0 7. 0-0 Ne4 8. Nbd2 f5 9. c3 g5 10. Bh2 d6 11. Qc2 Nxd2 12. Nxd2 Nd7 13. Qb3 d5 14. f3 c5 15. e4 cxd4 16. cxd4 Bf6 17. e5 Be7 18. Bg3 a6 19. a4 a5 20. Rfc1 Bb4 21. Be1 Rc8 22. Bb5 Rc7 23. Qe3 f4 24. Qe2 Qc8 25. Nb3 Bxe1 26. Qxe1 Nb8 27. Rxc7 Qxc7 28. Rc1 Qe7 29. Nxa5 bxa5 30. Qxa5 Rc8 31. Rxc8+ Bxc8 32. Qc3 Qd8 33. a5 Ba6 34. Ba4 Qc8 35. Qc5 Qxc5 36. dxc5 Bb7 37. b4 Na6 38. c6 Bxc6 39. Bxc6 Nxb4 40. Bb7 Kg7 41. a6 Nxa6 42. Bxa6 h5 43. Bc8 Kf7 44. Kf1 Ke7 45. Ke2 1-0

[Event "Oslo Stjernens op"]
[Site "Oslo"]
[Date "2016.06.05"]
[Round "2"]
[White "Ranaldi, Lucas"]
[Black "Pena Riasco, Alexander"]
[Result "1-0"]
[WhiteElo "1929"]
[BlackElo "2120"]
[PlyCount "74"]
[EventDate "2016.06.05"]
[EventType "swiss"]
[EventRounds "6"]
[EventCountry "NOR"]
[SourceTitle "CBM 173 Extra"]
[Source "ChessBase"]
[SourceDate "2016.08.29"]
[SourceVersion "1"]
[SourceVersionDate "2016.08.29"]
[SourceQuality "1"]

1. d4 d5 2. c4 c6 3. e3 Nf6 4. Nc3 Bf5 5. cxd5 Nxd5 6. Qb3 Nb6 7. Nf3 h6 8. Be2 e6 9. 0-0 Bd6 10. e4 Bh7 11. Be3 Bc7 12. Rfd1 0-0 13. d5 exd5 14. exd5 cxd5 15. Nxd5 Nxd5 16. Qxb7 Be4 17. Qxa8 Qd6 18. Qxa7 Bxf3 19. Bxf3 Qxh2+ 20. Kf1 Nc6 21. Qc5 Nxe3+ 22. fxe3 Nd8 23. Qh5 Qg3 24. Rac1 Ne6 25. Rd7 Bb6 26. Rc3 Ng5 27. Qg4 Qe5 28. Rd5 Qe7 29. Rc8 Rxc8 30. Qxc8+ Kh7 31. Qc2+ Kg8 32. Rd3 g6 33. Rc3 Bxe3 34. Qe2 Bc5 35. Qxe7 Bxe7 36. Ke2 Bf6 37. Rc8+ Kg7 1-0

[Event "Nordstrand GP"]
[Site "Oslo"]
[Date "2016.04.15"]
[Round "3"]
[White "Smeby, Ole"]
[Black "Pena Riasco, Alexander"]
[Result "0-1"]
[WhiteElo "1882"]
[BlackElo "2110"]
[PlyCount "84"]
[EventDate "2016.04.15"]
[EventType "swiss"]
[EventRounds "5"]
[EventCountry "NOR"]
[SourceTitle "EXT 2018"]
[Source "ChessBase"]
[SourceDate "2017.10.13"]
[SourceVersion "1"]
[SourceVersionDate "2017.10.13"]
[SourceQuality "1"]

1. d4 d5 2. c4 c6 3. e3 Nf6 4. Nf3 Bf5 5. Nc3 e6 6. cxd5 exd5 7. Bd3 Bxd3 8. Qxd3 Bb4 9. 0-0 0-0 10. a3 Bd6 11. Re1 Nbd7 12. e4 dxe4 13. Nxe4 Nxe4 14. Rxe4 Nc5 15. Qe2 Nxe4 16. Qxe4 Re8 17. Qg4 Qc8 18. Qh5 Qe6 19. Be3 Qd5 20. Qh3 Qb3 21. Rb1 Re6 22. Qf5 Qd5 23. Qh3 Rae8 24. Rd1 Qb3 25. Rd2 Bf4 26. Ne5 Bxe5 27. dxe5 Rxe5 28. Qg3 Rd5 29. Rxd5 Qxd5 30. h3 Qe5 31. Qg4 Qxb2 32. Bd4 Qb1+ 33. Kh2 Qg6 34. Qd7 Qe6 35. Qc7 a6 36. Qg3 Qg6 37. Qc7 h6 38. Qd7 Qe6 39. Qc7 Qe4 40. Qb6 Qf4+ 41. g3 Qf3 42. Qb4 Re4 0-1

[Event "Xabia op 1st"]
[Site "Xabia"]
[Date "2015.04.25"]
[Round "5"]
[White "Riquelme Valero, Manuel Damian"]
[Black "Pena Riasco, Alexander"]
[Result "1-0"]
[WhiteElo "2127"]
[BlackElo "2122"]
[PlyCount "52"]
[EventDate "2015.04.24"]
[EventType "swiss"]
[EventRounds "7"]
[EventCountry "ESP"]
[SourceTitle "EXT 2019"]
[Source "ChessBase"]
[SourceDate "2018.10.10"]
[SourceVersion "1"]
[SourceVersionDate "2018.10.10"]
[SourceQuality "1"]

1. d4 d5 2. c4 c6 3. Nc3 Nf6 4. Nf3 dxc4 5. e4 b5 6. e5 Nd5 7. a4 e6 8. axb5 Nxc3 9. bxc3 cxb5 10. Ng5 Bb7 11. Qh5 Qd7 12. Be2 Nc6 13. Nxh7 0-0-0 14. Nxf8 Rdxf8 15. Qg5 f6 16. exf6 gxf6 17. Qxb5 Qc7 18. Rb1 Na5 19. Ra1 Nb3 20. Rxa7 Kb8 21. Bf4 e5 22. Rxb7+ Qxb7 23. Qxb7+ Kxb7 24. dxe5 fxe5 25. Bxe5 Rh4 26. f4 Rc8 1-0

[Event "Gibraltar Challengers-B 13th"]
[Site "Caleta"]
[Date "2015.02.04"]
[Round "5"]
[White "Pena Riasco, Alexander"]
[Black "Berrocal Ruiz, Valentin"]
[Result "0-1"]
[WhiteElo "2181"]
[BlackElo "1986"]
[PlyCount "36"]
[EventDate "2015.01.31"]
[EventType "swiss"]
[EventRounds "5"]
[EventCountry "GGB"]
[SourceTitle "CBM 164 Extra"]
[Source "ChessBase"]
[SourceDate "2015.03.02"]
[SourceVersion "1"]
[SourceVersionDate "2015.03.02"]
[SourceQuality "1"]

1. e4 e6 2. d4 d5 3. Nc3 Nf6 4. e5 Nfd7 5. Qg4 c5 6. dxc5 Nxe5 7. Qg3 Ng6 8. Nf3 Bxc5 9. Bf4 Nxf4 10. Qxf4 Bd7 11. 0-0-0 0-0 12. Bd3 Qf6 13. Qg3 h6 14. h4 Nc6 15. Qc7 Rfd8 16. Qxb7 Rab8 17. Qc7 Rxb2 18. Kd2 Bb4 0-1

[Event "Gibraltar Challengers-A 13th"]
[Site "Caleta"]
[Date "2015.01.30"]
[Round "5"]
[White "Pena Riasco, Alexander"]
[Black "Fiori, Hector Dionisio"]
[Result "1/2-1/2"]
[WhiteElo "2181"]
[BlackElo "2066"]
[PlyCount "116"]
[EventDate "2015.01.26"]
[EventType "swiss"]
[EventRounds "5"]
[EventCountry "GGB"]
[SourceTitle "CBM 164 Extra"]
[Source "ChessBase"]
[SourceDate "2015.03.02"]
[SourceVersion "1"]
[SourceVersionDate "2015.03.02"]
[SourceQuality "1"]

1. e4 c6 2. d4 d5 3. Nc3 dxe4 4. Nxe4 Bf5 5. Ng3 Bg6 6. Nf3 Nd7 7. h4 h6 8. h5 Bh7 9. Bd3 Bxd3 10. Qxd3 e6 11. Bd2 Ngf6 12. 0-0-0 Be7 13. Kb1 0-0 14. Ne4 Nxe4 15. Qxe4 Nf6 16. Qe2 Qd5 17. Be3 Qb5 18. c4 Qf5+ 19. Ka1 c5 20. Ne5 cxd4 21. Bxd4 Qe4 22. Qd2 Rfd8 23. f3 Qh7 24. Qe3 Nd7 25. Ng4 b6 26. Nf2 Nc5 27. Ne4 Rdc8 28. Nc3 a5 29. g4 a4 30. Bxc5 Rxc5 31. Rd7 Bf6 32. Ne4 a3 33. Qd3 Bxb2+ 34. Kb1 Rcc8 35. Rxf7 Kh8 36. Rd1 Qg8 37. Rd7 Qf8 38. Nd6 Bf6 39. Nf7+ Kg8 40. Nxh6+ Kh8 41. Nf7+ Kg8 42. Qb3 b5 43. h6 Be7 44. Ne5 gxh6 45. Ng6 bxc4 46. Nxe7+ Qxe7 47. Rxe7 cxb3 48. axb3 Rc3 49. Rxe6 Rxb3+ 50. Ka2 Rxf3 51. Rd2 Rg3 52. Re4 Rb8 53. Red4 Rb2+ 54. Rxb2 axb2 55. Kxb2 Kg7 56. Kc2 Kg6 57. Kd2 Kg5 58. Ke2 Rxg4 1/2-1/2

[Event "Benidorm op U2300 13th"]
[Site "Benidorm"]
[Date "2014.12.06"]
[Round "9"]
[White "Pena Riasco, Alexander"]
[Black "Sanchez Jerez, Emilio Miguel"]
[Result "0-1"]
[WhiteElo "2180"]
[BlackElo "2258"]
[PlyCount "82"]
[EventDate "2014.11.28"]
[EventType "swiss"]
[EventRounds "10"]
[EventCountry "ESP"]
[SourceTitle "CBM 163 Extra"]
[Source "ChessBase"]
[SourceDate "2014.12.23"]
[SourceVersion "1"]
[SourceVersionDate "2014.12.23"]
[SourceQuality "1"]

1. e4 Nc6 2. Nc3 e6 3. g3 d5 4. Bg2 d4 5. Nb1 d3 6. c3 Nf6 7. b3 Bc5 8. Na3 e5 9. h3 Be6 10. Qf3 Qd7 11. g4 h5 12. g5 Nh7 13. h4 0-0-0 14. Nc4 f6 15. Qg3 Bxc4 16. bxc4 Kb8 17. Bh3 Qe7 18. g6 Nf8 19. Nf3 Ne6 20. Nh2 Na5 21. Nf1 Nxc4 22. Ne3 Bxe3 23. fxe3 Nc5 24. Qf3 Rd6 25. Kf2 Ra6 26. Kg3 Qe8 27. Bf5 Qc6 28. Kh3 b5 29. Rd1 Ra4 30. Rf1 a6 31. Kh2 Kb7 32. Qh3 Kb6 33. Qf3 Rh6 34. Rg1 Nd6 35. Kh3 Ncxe4 36. Rf1 Nxf5 37. Qxf5 Nd6 38. Qxd3 Qd7+ 39. Kg2 Rg4+ 40. Kh2 Rxh4+ 41. Kg1 Rg4+ 0-1

[Event "Valencia Torrefiel U2200 1st"]
[Site "Valencia"]
[Date "2014.11.02"]
[Round "6.1"]
[White "Pena Riasco, Alexander"]
[Black "Valdenebro Orihuel, Miguel"]
[Result "1/2-1/2"]
[WhiteElo "2183"]
[BlackElo "1850"]
[PlyCount "110"]
[EventDate "2014.10.31"]
[EventType "swiss"]
[EventRounds "7"]
[EventCountry "ESP"]
[SourceTitle "EXT 2024"]
[Source "ChessBase"]
[SourceDate "2023.10.10"]
[SourceVersion "1"]
[SourceVersionDate "2023.10.10"]
[SourceQuality "1"]

1. e4 c5 2. Nf3 Nc6 3. d4 cxd4 4. Nxd4 Nf6 5. Nc3 g6 6. Be3 Bg7 7. f3 0-0 8. Nb3 d6 9. Qd2 Be6 10. 0-0-0 Rc8 11. Kb1 Bxb3 12. cxb3 Qa5 13. Be2 Rfd8 14. Nd5 Qxd2 15. Rxd2 e6 16. Nxf6+ Bxf6 17. Rhd1 d5 18. exd5 exd5 19. Bb5 a6 20. Bc4 d4 21. Bf2 Re8 22. a3 Bg5 23. Rd3 Be3 24. Bxe3 dxe3 25. Re1 Rcd8 26. Kc1 Rxd3 27. Bxd3 Nd4 28. b4 f5 29. f4 Kg7 30. b3 Nxb3+ 31. Kc2 Nd4+ 32. Kc3 Nc6 33. Bc4 b5 34. Bd5 Ne7 35. Bb7 Kf6 36. Kd3 Rb8 37. Bf3 Rd8+ 38. Kxe3 Nd5+ 39. Bxd5 Rxd5 40. Rc1 Rd6 41. Rc7 Re6+ 42. Kd4 Re4+ 43. Kc5 Rxf4 44. Rc6+ Ke5 45. Rxa6 Rf2 46. g3 Rxh2 47. Kxb5 g5 48. Ra8 Rg2 49. Re8+ Kd4 50. Rf8 Rxg3 51. Rxf5 Ke4 52. Rf7 Rxa3 53. Rxh7 g4 54. Rg7 Kf3 55. Kc6 g3 1/2-1/2

[Event "Benimodo op 9th"]
[Site "Benimodo"]
[Date "2014.10.11"]
[Round "5"]
[White "Pena Riasco, Alexander"]
[Black "Gimenez Menchon, Cesar"]
[Result "1-0"]
[WhiteElo "2183"]
[BlackElo "2142"]
[PlyCount "83"]
[EventDate "2014.10.09"]
[EventType "swiss"]
[EventRounds "7"]
[EventCountry "ESP"]
[SourceTitle "EXT 2015"]
[Source "ChessBase"]
[SourceDate "2014.11.20"]
[SourceVersion "1"]
[SourceVersionDate "2014.11.20"]
[SourceQuality "1"]

1. e4 e6 2. d4 d5 3. Nc3 Nf6 4. e5 Nfd7 5. f4 c5 6. Nf3 Nc6 7. Be3 Qb6 8. Na4 Qa5+ 9. c3 cxd4 10. b4 Qc7 11. Nxd4 Nxd4 12. Bxd4 Nb8 13. a3 Bd7 14. Nc5 Nc6 15. Be3 0-0-0 16. Be2 f6 17. exf6 gxf6 18. 0-0 Bd6 19. Bg4 Rhe8 20. Qd3 b6 21. Nxd7 Rxd7 22. a4 Kb8 23. a5 d4 24. axb6 axb6 25. b5 Na5 26. cxd4 Qc4 27. Qd1 Nb3 28. Ra6 Bc5 29. Qf3 Bxd4 30. Ra8+ Kc7 31. Ra7+ Kd8 32. Rxd7+ Kxd7 33. Rd1 Kc7 34. Bxd4 Nxd4 35. Qe3 Nc2 36. Qd2 Qc5+ 37. Kh1 Kb8 38. Qd7 Re7 39. Qd8+ Ka7 40. Bf3 Rb7 41. Bxb7 Kxb7 42. Rd7+ 1-0

[Event "Benimodo op 9th"]
[Site "Benimodo"]
[Date "2014.10.09"]
[Round "1"]
[White "Galiana Fernandez, Adrian"]
[Black "Pena Riasco, Alexander"]
[Result "1-0"]
[WhiteElo "1975"]
[BlackElo "2183"]
[PlyCount "91"]
[EventDate "2014.10.09"]
[EventType "swiss"]
[EventRounds "7"]
[EventCountry "ESP"]
[SourceTitle "EXT 2015"]
[Source "ChessBase"]
[SourceDate "2014.11.20"]
[SourceVersion "1"]
[SourceVersionDate "2014.11.20"]
[SourceQuality "1"]

1. e4 d5 2. exd5 Qxd5 3. Nc3 Qa5 4. d4 Nf6 5. Bc4 c6 6. Bd2 Qb6 7. Nf3 Bg4 8. Bxf7+ Kxf7 9. Ne5+ Kg8 10. Nxg4 Qxd4 11. Nxf6+ exf6 12. Qe2 Qd7 13. 0-0-0 Qf7 14. g4 Nd7 15. Rhe1 Nb6 16. Kb1 h6 17. h4 h5 18. g5 f5 19. Bf4 g6 20. Bd6 Rh7 21. Bxf8 Rxf8 22. Rd6 Rg7 23. Qd3 Qc4 24. Ree6 Kh7 25. Qxc4 Nxc4 26. Rd4 Nb6 27. Ne2 Rff7 28. Nf4 Rd7 29. Rxd7 Nxd7 30. b4 Nf8 31. Rf6 Nd7 32. Re6 Nf8 33. Rf6 Kg8 34. Rxf8+ Kxf8 35. Ne6+ Kf7 36. Nxg7 Kxg7 37. Kb2 Kf7 38. Kc3 Ke6 39. Kd4 Kd6 40. c4 Ke6 41. c5 b5 42. f3 Kd7 43. Ke5 Ke7 44. f4 a5 45. bxa5 Kd7 46. Kf6 1-0

[Event "Mislata op-A 48th"]
[Site "Mislata"]
[Date "2014.08.17"]
[Round "9"]
[White "Lopez Mulet, Inigo"]
[Black "Pena Riasco, Alexander"]
[Result "1-0"]
[WhiteElo "2193"]
[BlackElo "2242"]
[PlyCount "39"]
[EventDate "2014.08.11"]
[EventType "swiss"]
[EventRounds "9"]
[EventCountry "ESP"]
[SourceTitle "CBM 161 Extra"]
[Source "ChessBase"]
[SourceDate "2014.08.29"]
[SourceVersion "1"]
[SourceVersionDate "2014.08.29"]
[SourceQuality "1"]

1. d4 d5 2. c4 c6 3. Nf3 Nf6 4. Nc3 dxc4 5. a4 Bf5 6. Nh4 Bg4 7. h3 Bh5 8. g4 Bg6 9. Nxg6 hxg6 10. e4 e5 11. Bxc4 exd4 12. e5 Nxg4 13. Qxg4 dxc3 14. e6 Be7 15. exf7+ Kf8 16. Bf4 Na6 17. Rd1 Qa5 18. 0-0 cxb2 19. Rfe1 Rd8 20. Rxe7 1-0

[Event "Mislata op-A 48th"]
[Site "Mislata"]
[Date "2014.08.15"]
[Round "7"]
[White "Aymerich Rosell, Pablo"]
[Black "Pena Riasco, Alexander"]
[Result "1/2-1/2"]
[WhiteElo "2125"]
[BlackElo "2242"]
[PlyCount "55"]
[EventDate "2014.08.11"]
[EventType "swiss"]
[EventRounds "9"]
[EventCountry "ESP"]
[SourceTitle "CBM 161 Extra"]
[Source "ChessBase"]
[SourceDate "2014.08.29"]
[SourceVersion "1"]
[SourceVersionDate "2014.08.29"]
[SourceQuality "1"]

1. d4 d5 2. c4 c6 3. cxd5 cxd5 4. Bf4 Nf6 5. e3 Nc6 6. Nc3 e6 7. Bd3 a6 8. Rc1 Qb6 9. Qe2 Be7 10. h3 Bd7 11. Nf3 0-0 12. 0-0 Rfc8 13. a3 Qa5 14. Nb1 Ne4 15. b4 Qd8 16. Nbd2 f5 17. Nb3 Be8 18. Ne5 Na7 19. Na5 Qb6 20. Qb2 Nb5 21. Nb3 Nbc3 22. f3 Na4 23. Qa1 Nf6 24. Rxc8 Rxc8 25. Rc1 Qd8 26. Na5 Rc7 27. Bf1 Bd6 28. Nd3 1/2-1/2